Minister financií SR Ivan Mikloš: Slovensko nemôže donekonečna stavať na tom, že sa u nás len vyrába

Rozhovor s ministrom financií SR Ivanom Miklošom o eure a o aktuálnych otázkach ekonomiky. Čo by mala vláda urobiť v hospodárskej politike v budúcnosti. Reforma daňovej správy. Aká by mala byť úloha stimulov pre zahraničných investorov. Financovanie vedy a výskumu.

Gespeichert in:
Bibliographische Detailangaben
1. Verfasser: Bačišin, Vladimír
Weitere Verfasser: Kálovec, Marek, Mikloš, Ivan
Format: Buchkapitel
Sprache:Slowakisch
Schlagworte:
Tags: Tag hinzufügen
Keine Tags, Fügen Sie das erste Tag hinzu!

MARC

LEADER 00000naa a2200000 4500
001 0147265
005 20231103073314.7
041 0 |a slo 
044 |a SK 
245 1 0 |a Minister financií SR Ivan Mikloš: Slovensko nemôže donekonečna stavať na tom, že sa u nás len vyrába  |c Vladimír Bačišin, Marek Kálovec, Ivan Mikloš 
520 |a Rozhovor s ministrom financií SR Ivanom Miklošom o eure a o aktuálnych otázkach ekonomiky. Čo by mala vláda urobiť v hospodárskej politike v budúcnosti. Reforma daňovej správy. Aká by mala byť úloha stimulov pre zahraničných investorov. Financovanie vedy a výskumu. 
610 2 0 |a politika hospodárska 
610 2 0 |a správa daňová 
610 2 0 |a reformy 
610 2 0 |a investície zahraničné 
610 2 0 |a financie 
610 2 0 |a veda 
610 2 0 |a výskum 
100 1 |a Bačišin, Vladimír 
700 1 |a Kálovec, Marek 
700 1 |a Mikloš, Ivan